| 000 | 01311nam a2200337 a 4500 | ||
|---|---|---|---|
| 001 | 000113576 | ||
| 003 | CHAP | ||
| 005 | 20220329144402.0 | ||
| 008 | 170804s2017 mx a fsm |||||||spa d | ||
| 010 | _a110037 | ||
| 011 | _a111009 | ||
| 040 | _cCHAP | ||
| 090 | _aTesis | ||
| 100 | 1 |
_aBarreda Hernández, Juan Carlos _9133007 |
|
| 245 | 1 | 0 |
_aEfectividad biológica del herbicida Glisofato, en mezcla con Sulfato de amonio y agua, elaborada en diferentes periodos previos a su aplicación, en Chapingo, México / _h[En línea] _cpor Juan Carlos Barreda Hernández. |
| 260 |
_aChapingo, Méx. : _bEl autor, _c2017. |
||
| 500 | _aPara ver el contenido del material haga clic en la liga | ||
| 502 | _aTesis (Ing. Agr. Esp. en Parasitología Agrícola) -- UACH. Departamento de Parasitología Agrícola | ||
| 590 |
_aBATCH _b00 _c20181121 _lUCH01 _h0758 |
||
| 590 |
_aE8697GMM _b05 _c20170804 _lUCH01 _h1331 |
||
| 590 |
_aE8697GMM _b05 _c20170804 _lUCH01 _h1421 |
||
| 650 | 1 | 4 |
_aHerbicidas _xAnálisis. _9132171 |
| 650 | 1 | 4 |
_aHerbicidas _xAplicación. _953692 |
| 650 | 1 | 4 |
_aHerbicidas _xCoadyuvantes. _9133010 |
| 650 | 1 | 4 |
_aHerbicidas _xPruebas. _9132172 |
| 856 |
_a1 _n0000759 |
||
| 856 |
_aFinding aid _uhttp://10.13.5.2/tesis/sist113576.pdf _zTeclea aquí |
||
| 901 | _aBK | ||
| 942 | _cTESIS | ||
| 942 | _n0 | ||
| 999 |
_c110037 _d110037 |
||